000 03071nam0a2200409 4500
001 RU\NLR\bibl\949933
005 20250614200929.0
010 _a5-8336-0276-9
_9100
021 _aRU
_b2006-15131
_9746
035 _a(nilc)RSL-KNO-002859075
035 _a(NLR Aleph) 000938043
090 _a202027
_c202027
100 _a20060410d2005 |||y0rusy50 ca
101 0 _arus
102 _aRU
105 _aa |||||||||
106 _ar
200 1 _aО роли льюисовских кислот в механизме органических реакций
_eучеб. пособие для студентов, обучающихся по специальности 011000 - Химия
_fВ. И. Монастырская, Г. А. Боровков
_gМ-во образования и науки Рос. Федерации, Агентство по образованию Рос. Федерации, Сев.-Осет. гос. ун-т им. К. Л. Хетагурова
210 _aВладикавказ
_cИзд-во Сев.-Осет. гос. ун-та
_d2005
_eВладикавказ
_gПолигр. центр Сев.-Осет. гос. ун-та
215 _a162 с.
_cил., табл.
_d20
320 _aБиблиогр.: с. 148-155 (105 назв.)
606 1 _aОрганические реакции
_jУчебные издания для высших учебных заведений
_xВлияние кислот Льюиса
_92427263
_3RU\NLR\auth\661445024
610 0 _aХимические науки -- Органическая химия -- Органические реакции -- Кинетика и механизм органических реакций -- Органический катализ -- Учебник для высшей школы
610 0 _aХимические науки -- Органическая химия -- Теоретические основы органической химии. Строение органических соединений. Физическая органическая химия -- Электронная теория органической химии -- Квантово-механическая теория химической связи в приложении к органическим соединениям -- Расчёт органических молекул методами МО (молекулярных орбит). ЛКАО (линейной комбинации атомных орбит) и другими методами -- Учебник для высшей школы
686 _aГ221.2я731-1
_2rubbk
686 _aГ212.22я731-1
_2rubbk
686 _aГ22я73-1
700 1 _aМонастырская
_bВ. И.
_gВалентина Ивановна
_4070
701 1 _aБоровков
_bГ. А.
_gГеоргий Александрович
_4070
801 0 _aRU
_bРКП
_c20060410
801 1 _aRU
_bРГБ
_c20060410
801 2 _aRU
_bNLR
_c20060516
_grcr
830 _aавт. по кн.
942 _cBOOK
980 _aNB
980 _aNBR